00928 am a22002655a 450000500170000000800410001702000150005802000180007304000300009108200170012110000280013824500560016625000440022226000450026630000360031150000240034750000300037165000420040165100100044365300230045365300230047694200080049999900170050795201380052420151210150352.0150818r20142011ii a fr 001 0 eng d a9380618077 a9789380618074 aEG-ScBUE bengcEG-ScBUE 04222a621bKUM aKumar, Surinder.93889910aBasics of mechanical engineering /cSurinder Kumar. a1st ed., Ane's student ed., Reprint ed. aNew Delhi :bAne Books Pvt. Ltd.,c2014. axxiii, 542 p. :bill. ;c24 cm. aIndex : p. 537-542. aReprinted of the 2011 ed. 72BUEshaMechanical engineering.912770 2BUEsh bENGMECcAugust2015 bENGGENcAugust2015 2ddc c20596d20568 00102ddc40708BaccahaMAINbMAINc1STd2015-08-18ePurchaseg190.00h21761l0o621 KUMp000030698r2025-07-15 00:00:00v238.00yBB